| 000 | 00706cab a2200229 4500 | ||
|---|---|---|---|
| 001 | WB3144-59 | ||
| 008 | 090401t1995 xxu||||| |||| 00| 0 eng d | ||
| 035 | _a(Sirsi) u35509 | ||
| 041 | _aeng | ||
| 245 | _aInsurance excess doubled by RICS | ||
| 260 | _c1995 | ||
| 350 | _a0 | ||
| 490 |
_aEstates Times _v(1303) 17 November 1995, 2 |
||
| 490 |
_aEstates Gazette _v(9546) 18 November 1995, 34(1) |
||
| 520 | _aThe RICS general council has doubled the insurance excess for members. | ||
| 650 | _aPROFESSIONAL INDEMNITY INSURANCE | ||
| 650 | _aRICS REGULATIONS | ||
| 690 |
_aINSURANCE _96249 |
||
| 690 | _aMANAGEMENT-BUSINESS MANAGEMENT-PROFESSIONAL PRACTICE | ||
| 942 | _n0 | ||
| 948 | _c04/03/1997 | ||
| 999 |
_c23240 _d23240 |
||